[Event "Titled Tuesday intern op 20th Dec Early"]
[Site "Chess.com INT"]
[Date "2022.12.20"]
[Round "2"]
[White "Diem, Thomas"]
[Black "Han, Yichen"]
[Result "0-1"]
[WhiteElo "1998"]
[BlackElo "2423"]
[PlyCount "90"]
[EventDate "2022.12.20"]
[EventType "swiss (blitz)"]
[EventRounds "11"]
[EventCountry "USA"]
[SourceTitle "EXT 2024"]
[Source "ChessBase"]
[SourceDate "2023.10.10"]
[SourceVersion "1"]
[SourceVersionDate "2023.10.10"]
[SourceQuality "1"]

1. c4 e5 2. Nc3 Nc6 3. Nf3 f5 4. e3 Nf6 5. b3 Bb4 6. Bb2 Bxc3 7. Bxc3 d6 8. d4 e4 9. d5 Ne7 10. Bxf6 gxf6 11. Nd4 c5 12. dxc6 bxc6 13. Qh5+ Ng6 14. Nxc6 Qb6 15. Nd4 Qa5+ 16. Kd1 Bd7 17. g3 0-0-0 18. Bh3 Qc3 19. Rc1 Qb2 20. Qe2 Qa3 21. Bxf5 Bxf5 22. Nxf5 Ne5 23. Ne7+ Kb8 24. Nd5 Nd3 25. Rc2 h5 26. f3 Nc5 27. b4 exf3 28. Qxf3 Na4 29. Qe2 h4 30. g4 Nb6 31. Nxb6 axb6 32. b5 d5 33. c5 d4 34. exd4 Rxd4+ 35. Rd2 Qa4+ 36. Ke1 Re4 37. Kf2 Rxe2+ 38. Rxe2 Qf4+ 39. Ke1 Qc1+ 40. Kf2 Qxh1 41. c6 Qxh2+ 42. Kf3 Qg3+ 43. Ke4 Re8+ 44. Kf5 Qf3+ 45. Kg6 Qxg4+ 0-1

[Event "Titled Tuesday intern op 20th Dec Early"]
[Site "Chess.com INT"]
[Date "2022.12.20"]
[Round "5"]
[White "Korelskiy, Egor"]
[Black "Diem, Thomas"]
[Result "1-0"]
[WhiteElo "2153"]
[BlackElo "1998"]
[PlyCount "75"]
[EventDate "2022.12.20"]
[EventType "swiss (blitz)"]
[EventRounds "11"]
[EventCountry "USA"]
[SourceTitle "EXT 2024"]
[Source "ChessBase"]
[SourceDate "2023.10.10"]
[SourceVersion "1"]
[SourceVersionDate "2023.10.10"]
[SourceQuality "1"]

1. e4 c5 2. Nf3 d6 3. d4 cxd4 4. Nxd4 Nf6 5. Nc3 Nc6 6. Bg5 e6 7. Qd2 h6 8. Bxf6 gxf6 9. 0-0-0 a6 10. f4 h5 11. f5 Bh6 12. Nxc6 bxc6 13. fxe6 fxe6 14. Qxh6 Rxh6 15. Be2 Ke7 16. Rhe1 Qa5 17. Kb1 Rb8 18. Rd3 e5 19. Red1 Be6 20. b3 Rd8 21. Bf3 Bg4 22. Ne2 Bxf3 23. gxf3 Rg6 24. Ng3 Rxg3 25. hxg3 Rg8 26. Rxd6 Rxg3 27. Rd7+ Ke8 28. Rh7 Rxf3 29. Rg1 Kf8 30. Rd1 Re3 31. Rdd7 Qe1+ 32. Kb2 Qc3+ 33. Ka3 Qc5+ 34. Kb2 Ke8 35. Rb7 Qd4+ 36. Ka3 Qd6+ 37. Ka4 Qd4+ 38. c4 1-0

[Event "Titled Tuesday intern op 14th Jun Late"]
[Site "Chess.com INT"]
[Date "2022.06.14"]
[Round "1"]
[White "Diem, Thomas"]
[Black "Florescu, Codrut Constantin"]
[Result "0-1"]
[WhiteElo "1998"]
[BlackElo "2257"]
[PlyCount "119"]
[EventDate "2022.06.14"]
[EventType "swiss (blitz)"]
[EventRounds "11"]
[EventCountry "USA"]
[SourceTitle "EXT 2023"]
[Source "ChessBase"]
[SourceDate "2022.10.05"]
[SourceVersion "1"]
[SourceVersionDate "2022.10.05"]
[SourceQuality "1"]

1. c4 e6 2. Nf3 d5 3. e3 Nf6 4. Nc3 c5 5. cxd5 exd5 6. d4 Nc6 7. Be2 Bd6 8. 0-0 0-0 9. dxc5 Bxc5 10. b3 a6 11. Bb2 Ba7 12. Rc1 Bg4 13. Nd4 Bd7 14. Nxc6 bxc6 15. Bf3 Qe7 16. Qd3 Bb8 17. Na4 Qd6 18. g3 Ba7 19. Bd4 Bh3 20. Rfd1 Rfc8 21. Bxa7 Rxa7 22. Nc5 a5 23. a4 h5 24. Qd4 Raa8 25. Qh4 Bg4 26. Bxg4 hxg4 27. Rd4 Rab8 28. Qg5 Re8 29. Kg2 Rb6 30. Qf4 Qxf4 31. Rxf4 Reb8 32. Rxf6 gxf6 33. Nd7 R8b7 34. Nxb6 Rxb6 35. Rc5 Kg7 36. Rc3 f5 37. Kf1 Kf6 38. Ke2 Ke5 39. Kd3 Kd6 40. Kc2 c5 41. Rd3 Rb4 42. Kc3 Kc6 43. Rd1 c4 44. bxc4 Rxc4+ 45. Kb3 Rb4+ 46. Ka3 Kd6 47. Rh1 Rc4 48. h4 gxh3 49. Rxh3 Rc2 50. f3 Rc3+ 51. Kb2 Rxe3 52. Rh6+ Kc5 53. Rf6 Rxf3 54. Rxf7 Kc4 55. g4 fxg4 56. Rc7+ Kd4 57. Ra7 g3 58. Rxa5 g2 59. Ra8 g1Q 60. Rd8 0-1

[Event "Titled Tuesday intern op 04th Jan"]
[Site "Chess.com INT"]
[Date "2022.01.04"]
[Round "9"]
[White "Koridze, Lile"]
[Black "Diem, Thomas"]
[Result "1-0"]
[WhiteElo "1977"]
[BlackElo "1998"]
[PlyCount "75"]
[EventDate "2022.01.04"]
[EventType "swiss (blitz)"]
[EventRounds "11"]
[EventCountry "USA"]
[SourceTitle "EXT 2023"]
[Source "ChessBase"]
[SourceDate "2022.10.05"]
[SourceVersion "1"]
[SourceVersionDate "2022.10.05"]
[SourceQuality "1"]

1. d4 d5 2. c4 c6 3. Nf3 Nf6 4. Nc3 e6 5. e3 Nbd7 6. Bd3 Bd6 7. 0-0 0-0 8. e4 dxe4 9. Nxe4 Nxe4 10. Bxe4 Nf6 11. Bc2 Be7 12. b3 b6 13. Bb2 Bb7 14. Ne5 c5 15. dxc5 Bxc5 16. h3 Qc7 17. Qe2 Rad8 18. Ng4 Nxg4 19. Qxg4 g6 20. Qg5 Bd4 21. Bxd4 Rxd4 22. Rad1 Rfd8 23. Rde1 Qc5 24. Re5 Qf8 25. Qe3 Qg7 26. Re1 Qf6 27. Bb1 Rd1 28. Bc2 Rxe1+ 29. Qxe1 Qf4 30. Re3 Qd6 31. Rd3 Qe7 32. Qd2 Rxd3 33. Qxd3 Qf6 34. Qd7 Qa1+ 35. Kh2 Qe5+ 36. g3 Qf6 37. Qxb7 Qxf2+ 38. Qg2 1-0

[Event "Titled Tuesday intern op 15th June"]
[Site "Chess.com INT"]
[Date "2021.06.15"]
[Round "10"]
[White "Pourkashiyan, Atousa"]
[Black "Diem, Thomas"]
[Result "0-1"]
[WhiteElo "2322"]
[BlackElo "1998"]
[PlyCount "68"]
[EventDate "2021.06.15"]
[EventType "swiss (blitz)"]
[EventRounds "11"]
[EventCountry "USA"]
[SourceTitle "CBM 203 Extra"]
[Source "ChessBase"]
[SourceDate "2021.09.30"]
[SourceVersion "1"]
[SourceVersionDate "2021.09.30"]
[SourceQuality "1"]

1. e4 c5 2. Nf3 d6 3. d4 cxd4 4. Nxd4 Nf6 5. Nc3 Nc6 6. Bc4 e6 7. 0-0 a6 8. Bb3 Be7 9. Be3 0-0 10. f4 Qc7 11. Qf3 b5 12. e5 Nxd4 13. Bxd4 Bb7 14. Qh3 Ne4 15. Nxe4 Bxe4 16. Bxe6 fxe6 17. Qxe6+ Rf7 18. exd6 Qc6 19. Rae1 Bd5 20. Qg4 Bxd6 21. f5 Bc5 22. c3 Bxd4+ 23. cxd4 Re8 24. Rxe8+ Qxe8 25. f6 Qe3+ 26. Kh1 Qe4 27. Qc8+ Rf8 28. f7+ Bxf7 29. Qxa6 Qe2 30. Rg1 Bd5 31. h3 Qe3 32. Kh2 Qf4+ 33. Kh1 Qg3 34. Qh6 gxh6 0-1

[Event "Online Olym Base C"]
[Site "Chess.com INT"]
[Date "2020.07.25"]
[Round "1.3"]
[White "Diem, Thomas"]
[Black "Taleb Mohamed, Ahmed"]
[Result "0-1"]
[WhiteElo "1821"]
[BlackElo "1950"]
[PlyCount "98"]
[EventDate "2020.07.25"]
[EventType "team-tourn (rapid)"]
[EventRounds "9"]
[EventCountry "USA"]
[SourceTitle "CBM 198"]
[Source "ChessBase"]
[SourceDate "2020.10.31"]
[SourceVersion "1"]
[SourceVersionDate "2020.10.31"]
[SourceQuality "1"]
[WhiteTeam "Santa Lucia"]
[BlackTeam "Mauritania"]
[WhiteTeamCountry "SLU"]
[BlackTeamCountry "MAU"]

1. f4 Nc6 2. Nf3 d6 3. e3 e5 4. Bb5 exf4 5. Bxc6+ bxc6 6. exf4 Nf6 7. 0-0 Be7 8. b3 0-0 9. Bb2 c5 10. d3 Bb7 11. Nbd2 Nd5 12. Qe1 Re8 13. Qg3 Bf6 14. Bxf6 Nxf6 15. Rae1 Qd7 16. Nc4 Qg4 17. Rxe8+ Rxe8 18. Qxg4 Nxg4 19. Re1 Rxe1+ 20. Nxe1 f5 21. a4 Kf7 22. h3 Nf6 23. Kf2 Ke6 24. Nf3 h6 25. Ke3 Nd5+ 26. Kf2 Nxf4 27. d4 Ba6 28. Ne3 Nd5 29. dxc5 Nxe3 30. Kxe3 dxc5 31. h4 Kf6 32. c4 Bb7 33. g3 Bxf3 34. Kxf3 Ke5 35. h5 a5 36. Ke3 Kf6 37. Kf4 g5+ 38. hxg6 Kxg6 39. Ke3 Kg5 40. Kf3 h5 41. Kg2 Kg4 42. Kf2 f4 43. gxf4 Kxf4 44. Kg2 Ke4 45. Kf2 Kd4 46. Kg3 Kc3 47. Kh4 Kxb3 48. Kxh5 Kxa4 49. Kg5 Kb4 0-1